000 00872nac a22002657a 4500
001 BR9705298
003 BR-BrBNA
005 20240105121950.0
008 230509b bl.|||m| |||| 00| 0 por d
040 _aBR-BrBNA
_bpor
_cBiblioteca Nacional de Agricultura
072 _aL73
090 _a5250 BR9705298
100 1 _aSilva, E.R.
100 1 _aCavalcante, A.C.R.
110 1 _aCentro Nacional de Pesquisa de Caprinos, Sobral, CE (Brasil)
_91759
245 1 _aNematodeose gastrintestinal: recomendacoes para uma correta vermifugacao
260 3 _aSobral, CE (Brasil):
_c1997.
300 _a4 p.
490 _aComunicado Tecnico - Centro Nacional de Pesquisa de Caprinos (Brazil)
_vno. 34
_xISSN 0101-6059
650 _aCaprino
650 _aAnti-Helmintico
650 _aVerminose
909 _a202312
_bLúcia Elande
_c55
_dLúcia Elande
942 _2AGRIS
_n0
_cMS
999 _c288469
_d288469